000 00451nam a22001817a 4500
003 CEME
005 20210628201654.0
008 210204b xxu||||| |||| 00| 0 eng d
020 _a81-203-0193-5
040 _c.
082 _a658.1 ETZ
100 _aEtzioni, Amitai
_956282
245 _aModern organizations
260 _aNEW DLEHI
_bPRENTICE HALL OF INDIA
_c2004
300 _a120P
650 _aMODERN ORGANIZATIONS
_956283
942 _cBK
_2ddc
999 _c566747
_d566747